000 00521nam a2200205Ia 4500
003 OSt
005 20251219133346.0
008 160316s2009 xxu||||| |||| 00| 0 eng d
020 _a978813200645
040 _c.
082 _a303.3 SAM-I
100 _aSamaddar Ranabir
245 _aState of justice in India : Issues of social justice Vol I
260 _aNew Delhi :
_bSage Publications ;
_c2009
300 _a266p
365 _b Rs. 675
650 _aSocial Justice - India
700 _a
_a
942 _2ddc
_cBK
999 _c26496
_d26496